00501nam a2200241Ia 450000500170000000800460001702000150006303700070007804000080008504000080009304000080010104100080010904100080011708400160012508400080014110000190014924500240016824500190019226000130021126000180022426000090024230000080025120260401122133.0008 250103s9999 xx 000 0 eng d a8170462118 aTB aEDL beng cEDL 2eng aeng a891.443 DEV qEDL aMahasweta Devi 0aBait: Four Stories 0cMahasweta Devi aCalcutta bSeagull Books c2004 a80p